000 00813cab a2200241 4500
001 WB2911-60
008 090401t1993 xxu||||| |||| 00| 0 eng d
035 _a(Sirsi) u72522
041 _aeng
100 _aWhite, P.
245 _aPersonnel assets
260 _c1993
350 _a0
490 _aCSW - The Property Week
_v42(11) 18 March 1993, 71(1)
520 _aSets out the scenarios which can arise to a managing agent when the managed property is sold, depending on whether the sale is a transfer of assets or an undertaking.
650 _aEC DIRECTIVES
650 _aMANAGING AGENTS
650 _aTRANSFER OF UNDERTAKINGS (PROTECTION OF EMPLOYMENT) REGULATIONS 1981
650 _aTUPE
690 _aMANAGEMENT-BUSINESS MANAGEMENT-PROFESSIONAL PRACTICE
942 _n0
948 _c04/03/1997
999 _c45830
_d45830